Statistiques concernant Intercommunalités de l'Isère

Cliquez ici pour prendre le quiz!

Statistiques générales

  • Ce quiz a été pris 33 fois
  • Le résultat moyen est 6 sur 18

Statistiques - réponses

Nombres de CommunesIntercommunalités% Correct
49Grenoble-Alpes Métropole
97%
31Communauté d'agglomération du Pays voironnais
70%
19Communauté de communes de l'Oisans
70%
30 (dont 12 dans le Rhône)Vienne Condrieu Agglomération
63%
36Communauté de communes Les Vals du Dauphiné
60%
22Communauté d'agglomération Porte de l'Isère
43%
17 (dont 10 dans la Savoie)Communauté de communes Cœur de Chartreuse
37%
43Communauté de communes Le Grésivaudan
37%
06Communauté de communes Lyon Saint-Exupéry en Dauphiné
37%
06Communauté de communes du Massif du Vercors
30%
47Saint-Marcellin Vercors Isère Communauté
23%
27Communauté de communes du Trièves
20%
14Communauté de communes de Bièvre Est
17%
50Communauté de communes Bièvre Isère
13%
43Communauté de communes de la Matheysine
13%
47Communauté de communes Les Balcons du Dauphiné
10%
10Communauté de communes des Collines du Nord Dauphiné
3%
37Communauté de communes Entre Bièvre et Rhône
0%

Distribution des résultats

Percentile par nombre de réponses

% des personnes avec chaque résultat

Votre développement - résultats

Vous n’avez pas pris ce quiz